| 000 | 00687nam a2200241Ia 4500 | ||
|---|---|---|---|
| 003 | OSt | ||
| 005 | 20220918174054.0 | ||
| 006 | a|||||r|||| 00| 0 | ||
| 007 | ta | ||
| 008 | 220917b |||||||| |||| 00| 0 eng d | ||
| 024 | _a10,316 | ||
| 037 | _cTextual | ||
| 040 |
_aARTS _cARTS _beng |
||
| 041 |
_2eng _aeng |
||
| 082 | _aR1, M0-;1 (ER) | ||
| 100 |
_aSen Pranab Kumar _949019 |
||
| 245 | 0 |
_aLogic induction and ontology _b essays in philosophical analysis |
|
| 260 |
_aLondon _bThe macmillan Press _c1980 |
||
| 490 | _aJadvpur studies in philosophy; 2 | ||
| 650 | _aLOGIC | ||
| 942 |
_hR1, M0-;1 (ER) _cTEXL _2CC |
||
| 999 |
_c151690 _d151690 |
||